[Event "Madrid-ch Previa-B"]
[Site "Madrid"]
[Date "2021.02.27"]
[Round "9"]
[White "Lopez Carrazana, Darvin Alejandro"]
[Black "Barragan Panal, Juan Jose"]
[Result "0-1"]
[WhiteElo "1455"]
[BlackElo "1660"]
[PlyCount "96"]
[EventDate "2021.02.04"]
[EventType "swiss"]
[EventRounds "9"]
[EventCountry "ESP"]
[SourceTitle "EXT 2022"]
[Source "ChessBase"]
[SourceDate "2021.10.06"]
[SourceVersion "1"]
[SourceVersionDate "2021.10.06"]
[SourceQuality "1"]

1. e4 c6 2. d4 d5 3. exd5 cxd5 4. Nf3 Nf6 5. Nc3 Nc6 6. Be3 e6 7. Bb5 Bd7 8. 0-0 a6 9. Bd3 Be7 10. h3 Na5 11. Ne5 Rc8 12. a3 b5 13. Ne2 Nc4 14. Nxd7 Qxd7 15. Bxc4 Rxc4 16. Qd3 0-0 17. Rfc1 Rfc8 18. Kh1 Ne4 19. Ng1 Bg5 20. Bxg5 Nxf2+ 21. Kh2 Nxd3 22. cxd3 Rxc1 23. Bxc1 Qd6+ 24. Kh1 Rc2 25. Nf3 Qg3 26. Bd2 Qf2 27. Rd1 h6 28. b3 g5 29. a4 f5 30. Rc1 Rxc1+ 31. Bxc1 Qf1+ 32. Kh2 Qxc1 33. axb5 axb5 34. Kg3 Qc3 35. Kf2 Qxd3 36. b4 Qc2+ 37. Kf1 Qc4+ 38. Kf2 Qxb4 39. Ke3 Qc3+ 40. Ke2 b4 41. Nd2 Qxd4 42. Nf3 Qb2+ 43. Nd2 b3 44. Kd3 Qc2+ 45. Ke3 f4+ 46. Ke2 b2 47. Ke1 b1Q+ 48. Nxb1 Qxb1+ 0-1

[Event "Madrid-ch Previa-B"]
[Site "Madrid"]
[Date "2021.02.19"]
[Round "6"]
[White "Barragan Panal, Juan Jose"]
[Black "Rey Martinez, Jaime"]
[Result "0-1"]
[WhiteElo "1660"]
[BlackElo "1910"]
[PlyCount "80"]
[EventDate "2021.02.04"]
[EventType "swiss"]
[EventRounds "9"]
[EventCountry "ESP"]
[SourceTitle "EXT 2022"]
[Source "ChessBase"]
[SourceDate "2021.10.06"]
[SourceVersion "1"]
[SourceVersionDate "2021.10.06"]
[SourceQuality "1"]

1. d4 d5 2. c4 e6 3. Nf3 Nf6 4. e3 Be7 5. Nc3 0-0 6. Bd3 a6 7. a4 c5 8. 0-0 Nc6 9. dxc5 Bxc5 10. cxd5 exd5 11. Nd4 Ne5 12. Nc2 Qd6 13. Be2 Neg4 14. g3 Rd8 15. Bf3 Qe5 16. Bg2 h5 17. Nd4 Ne4 18. f4 Qe7 19. Qf3 Nxc3 20. bxc3 Nf6 21. Bb2 h4 22. f5 Ne4 23. Qf4 hxg3 24. hxg3 Bd6 25. Qh4 Nxg3 26. Qxe7 Bxe7 27. Rf3 Ne4 28. Rc1 Nd2 29. Rf2 Nc4 30. Re1 Bh4 31. Rfe2 Bxe1 32. Rxe1 Nxb2 33. e4 dxe4 34. Rxe4 Nxa4 35. Nc6 bxc6 36. Rxa4 Bxf5 37. Bxc6 Rac8 38. Bb7 Rxc3 39. Rxa6 Rd2 40. Ra1 Rb2 0-1

[Event "Madrid-ch Previa-B"]
[Site "Madrid"]
[Date "2021.02.13"]
[Round "5"]
[White "Ruiz Usabiaga, Juan Antonio"]
[Black "Barragan Panal, Juan Jose"]
[Result "0-1"]
[WhiteElo "1478"]
[BlackElo "1660"]
[PlyCount "144"]
[EventDate "2021.02.04"]
[EventType "swiss"]
[EventRounds "9"]
[EventCountry "ESP"]
[SourceTitle "EXT 2022"]
[Source "ChessBase"]
[SourceDate "2021.10.06"]
[SourceVersion "1"]
[SourceVersionDate "2021.10.06"]
[SourceQuality "1"]

1. e4 c6 2. d4 d5 3. Nc3 dxe4 4. Bc4 Nf6 5. f3 exf3 6. Nxf3 e6 7. 0-0 Bd6 8. Bg5 Nbd7 9. Ne4 Qc7 10. Nxf6+ Nxf6 11. Qe1 Nd5 12. c3 f6 13. Qh4 fxg5 14. Nxg5 Be7 15. Rae1 Bxg5 16. Qxg5 Qe7 17. Qh5+ g6 18. Qe5 Rf8 19. Rxf8+ Qxf8 20. Bxd5 cxd5 21. Qxd5 Qe7 22. Qe5 Kd8 23. d5 Qc5+ 24. Kh1 Qxd5 25. Qh8+ Kc7 26. Qxh7+ Bd7 27. Qxg6 e5 28. Qg3 Rf8 29. h3 Rf4 30. Qe3 Bc6 31. Re2 Qd1+ 32. Kh2 Re4 33. Rd2 Rxe3 34. Rxd1 Re2 35. Rg1 Rxb2 36. h4 Rxa2 37. h5 Rf2 38. Kg3 Rf8 39. Kh4 Kd6 40. g4 Ke6 41. Re1 Bf3 42. g5 Rf4+ 43. Kg3 Bxh5 44. Rh1 Rg4+ 45. Kh3 Rxg5 46. Kh4 Rf5 47. Rb1 Bf3 48. Kg3 Bc6 49. Ra1 a6 50. Ra2 Rf3+ 51. Kg4 Rxc3 52. Rh2 Rf3 53. Rh6+ Rf6 54. Rh7 a5 55. Kg5 a4 56. Rh3 Rf3 57. Rh6+ Kd5 58. Kg4 Kc4 59. Rh5 e4 60. Ra5 Kb3 61. Rc5 a3 62. Ra5 a2 63. Kg5 Kb2 64. Ra7 a1Q 65. Rxa1 Kxa1 66. Kg4 e3 67. Kg5 e2 68. Kg4 e1Q 69. Kg5 Bd7 70. Kh5 Qh1+ 71. Kg5 Qg2+ 72. Kh4 Rh3# 0-1

[Event "Madrid-ch Seniors 50"]
[Site "Madrid"]
[Date "2020.01.23"]
[Round "9"]
[White "Nevado Munoz, Rafael"]
[Black "Barragan Panal, Juan Jose"]
[Result "0-1"]
[WhiteElo "1467"]
[BlackElo "1679"]
[PlyCount "64"]
[EventDate "2020.01.13"]
[EventType "swiss"]
[EventRounds "9"]
[EventCountry "ESP"]
[SourceTitle "CBM 194 Extra"]
[Source "ChessBase"]
[SourceDate "2020.03.31"]
[SourceVersion "1"]
[SourceVersionDate "2020.03.31"]
[SourceQuality "1"]

1. e4 c6 2. d4 d5 3. exd5 cxd5 4. Nf3 Nf6 5. Bd3 Nc6 6. c3 e6 7. 0-0 Be7 8. Bf4 Bd7 9. h3 Rc8 10. Nbd2 Na5 11. Qe2 Qb6 12. Rab1 a6 13. Rfc1 Bb5 14. c4 dxc4 15. Nxc4 Nxc4 16. Bxc4 Bxc4 17. Rxc4 Rxc4 18. Qxc4 0-0 19. a3 Nd5 20. Be5 Bxa3 21. Qc2 Be7 22. Rc1 Bf6 23. Qd2 Qb4 24. Qxb4 Nxb4 25. Bd6 Nd3 26. Rc7 Rd8 27. Be7 Bxe7 28. Rxe7 b5 29. Ra7 h6 30. Rxa6 Nxb2 31. Rb6 Rd5 32. Kf1 Nc4 0-1

[Event "Madrid-ch Seniors 50"]
[Site "Madrid"]
[Date "2020.01.22"]
[Round "8"]
[White "Barragan Panal, Juan Jose"]
[Black "Martinez Miura, Enrique"]
[Result "1/2-1/2"]
[WhiteElo "1679"]
[BlackElo "1561"]
[PlyCount "55"]
[EventDate "2020.01.13"]
[EventType "swiss"]
[EventRounds "9"]
[EventCountry "ESP"]
[SourceTitle "CBM 194 Extra"]
[Source "ChessBase"]
[SourceDate "2020.03.31"]
[SourceVersion "1"]
[SourceVersionDate "2020.03.31"]
[SourceQuality "1"]

1. d4 d5 2. c4 e6 3. Nf3 Nf6 4. g3 Be7 5. Bg2 0-0 6. 0-0 c6 7. Nc3 b6 8. Ne5 Bb7 9. Bf4 Nbd7 10. cxd5 cxd5 11. Rc1 Nxe5 12. Bxe5 Nd7 13. Bf4 Rc8 14. Nb5 Rxc1 15. Qxc1 a6 16. Bc7 Qa8 17. Nd6 Bxd6 18. Bxd6 Rc8 19. Qd2 Rc6 20. Bf4 Qc8 21. Rc1 a5 22. Rxc6 Qxc6 23. Qc3 Qxc3 24. bxc3 Ba6 25. e4 Bc4 26. a3 b5 27. Bc7 a4 28. f3 1/2-1/2

[Event "Madrid Los Angeles op 10th"]
[Site "Madrid"]
[Date "2016.04.24"]
[Round "4"]
[White "Cano Nieto, Jose Luis"]
[Black "Barragan Panal, Juan Jose"]
[Result "0-1"]
[WhiteElo "1537"]
[BlackElo "1676"]
[PlyCount "137"]
[EventDate "2016.04.03"]
[EventType "swiss"]
[EventRounds "9"]
[EventCountry "ESP"]
[SourceTitle "CBM 172 Extra"]
[Source "ChessBase"]
[SourceDate "2016.06.21"]
[SourceVersion "1"]
[SourceVersionDate "2016.06.21"]
[SourceQuality "1"]

1. d4 Nf6 2. Bf4 g6 3. e3 Bg7 4. Be2 d6 5. Nf3 Nh5 6. Bg5 c5 7. 0-0 Qb6 8. b3 Nc6 9. c3 cxd4 10. exd4 h6 11. Be3 Qc7 12. Nbd2 Nf6 13. Rc1 0-0 14. h3 b6 15. Nh2 Nd5 16. Ng4 Kh7 17. Bf3 Bxg4 18. Bxg4 f5 19. Bf3 Nxe3 20. fxe3 e5 21. d5 Ne7 22. c4 e4 23. Be2 Qc5 24. Kh1 Qxe3 25. Nb1 Be5 26. Qe1 Qg3 27. Qxg3 Bxg3 28. Rc3 Be5 29. Rcc1 f4 30. Nd2 e3 31. Nf3 Nf5 32. Rfe1 Bg7 33. Bd3 Rae8 34. Be2 Ng3+ 35. Kg1 Ne4 36. Bd3 Nd2 37. Nh4 Ne4 38. Be2 g5 39. Nf3 Kg8 40. Bd3 Nd2 41. Be2 Nxf3+ 42. Bxf3 Bd4 43. Kh1 Rc8 44. Rcd1 Be5 45. Be2 Bc3 46. Rf1 Rc5 47. Rc1 Bd2 48. Rc2 Rfc8 49. Bg4 R8c7 50. Be2 Rxd5 51. Bf3 Re5 52. Be2 d5 53. Rd1 d4 54. Rcxd2 exd2 55. Rxd2 Kg7 56. Bf3 Ra5 57. Bd5 b5 58. a4 bxa4 59. bxa4 Rxa4 60. Rxd4 Rd7 61. Re4 Rxd5 62. Re7+ Kf6 63. Rc7 Rd1+ 64. Kh2 Rc1 65. c5 a5 66. c6 Rac4 67. Ra7 Rxc6 68. Rxa5 R1c2 69. Ra8 0-1

[Event "Madrid Los Angeles op 10th"]
[Site "Madrid"]
[Date "2016.04.17"]
[Round "3"]
[White "Barragan Panal, Juan Jose"]
[Black "Cuellar Gutierrez, Raul"]
[Result "1/2-1/2"]
[WhiteElo "1676"]
[BlackElo "1814"]
[PlyCount "79"]
[EventDate "2016.04.03"]
[EventType "swiss"]
[EventRounds "9"]
[EventCountry "ESP"]
[SourceTitle "CBM 172 Extra"]
[Source "ChessBase"]
[SourceDate "2016.06.21"]
[SourceVersion "1"]
[SourceVersionDate "2016.06.21"]
[SourceQuality "1"]

1. Nf3 Nf6 2. d4 g6 3. Bg5 Bg7 4. Nbd2 b6 5. c3 Bb7 6. Qc2 0-0 7. e4 d6 8. Be2 Nbd7 9. h3 e5 10. d5 Qb8 11. 0-0 h6 12. Be3 Nh5 13. Nh4 Nf4 14. Bxf4 exf4 15. Ndf3 Qd8 16. g3 fxg3 17. fxg3 Ne5 18. Rf2 Bc8 19. Kh2 Bd7 20. Raf1 Qe7 21. Ng1 Rae8 22. Nhf3 Nxf3+ 23. Bxf3 Be5 24. Qd2 Qh4 25. Rg2 Kh7 26. Qf2 h5 27. Kh1 Qg5 28. h4 Qe7 29. g4 hxg4 30. Bxg4 Bxg4 31. Rxg4 Qd7 32. Qg2 Rh8 33. Nh3 Kg7 34. Ng5 Bf6 35. Rxf6 Kxf6 36. Rf4+ Kg7 37. Rxf7+ Qxf7 38. Nxf7 Kxf7 39. Qg4 Re7 40. Qf4+ 1/2-1/2

[Event "Madrid-ch Previa-B"]
[Site "Madrid"]
[Date "2016.02.20"]
[Round "7"]
[White "Barragan Panal, Juan Jose"]
[Black "Barragan Arriaza, Pablo"]
[Result "0-1"]
[WhiteElo "1681"]
[BlackElo "1616"]
[PlyCount "126"]
[EventDate "2016.02.04"]
[EventType "swiss"]
[EventRounds "9"]
[EventCountry "ESP"]
[SourceTitle "CBM 171 Extra"]
[Source "ChessBase"]
[SourceDate "2016.04.26"]
[SourceVersion "1"]
[SourceVersionDate "2016.04.26"]
[SourceQuality "1"]

1. d4 d5 2. c4 c6 3. Nf3 Nf6 4. cxd5 cxd5 5. g3 Nc6 6. Bg2 e6 7. 0-0 Bd6 8. Nc3 0-0 9. a3 Qe7 10. Qc2 h6 11. b4 Bd7 12. Bb2 Rac8 13. Qb1 a6 14. e4 dxe4 15. Nxe4 Nxe4 16. Qxe4 Qd8 17. Ne5 Nxe5 18. dxe5 Bc6 19. Qe3 Bxg2 20. Kxg2 Bb8 21. Rfd1 Qe7 22. Rac1 Rxc1 23. Rxc1 Qd7 24. Qc5 Rd8 25. a4 Kh7 26. b5 axb5 27. axb5 Qd5+ 28. Kh3 Qxc5 29. Rxc5 Rd2 30. Bc3 Rc2 31. Bd4 Rxc5 32. Bxc5 Bxe5 33. f4 Bc7 34. Kg4 Kg6 35. Kf3 Kf6 36. Ke4 Bd8 37. Bd6 Be7 38. Be5+ Kg6 39. Bd4 f6 40. h3 Kf7 41. Be3 Bd6 42. g4 g6 43. f5 exf5+ 44. gxf5 g5 45. Kf3 h5 46. Bd4 Be5 47. Bc5 Ke8 48. Be3 Kd7 49. Bc5 Kc7 50. Be3 Kd6 51. Ke4 g4 52. hxg4 hxg4 53. Bg1 g3 54. Be3 g2 55. Bg1 Bc3 56. Kf3 Ke5 57. Kxg2 Kxf5 58. Kf3 Ke5 59. Bf2 Kd5 60. Ba7 Bd4 61. Bb8 Kc5 62. Ba7+ b6 63. Ke4 Be5 0-1

[Event "Madrid-ch Previa-B"]
[Site "Madrid"]
[Date "2016.02.13"]
[Round "5"]
[White "Fernandez Estremera, Fernando"]
[Black "Barragan Panal, Juan Jose"]
[Result "1/2-1/2"]
[WhiteElo "1589"]
[BlackElo "1681"]
[PlyCount "82"]
[EventDate "2016.02.04"]
[EventType "swiss"]
[EventRounds "9"]
[EventCountry "ESP"]
[SourceTitle "CBM 171 Extra"]
[Source "ChessBase"]
[SourceDate "2016.04.26"]
[SourceVersion "1"]
[SourceVersionDate "2016.04.26"]
[SourceQuality "1"]

1. d4 Nf6 2. c4 e6 3. Nc3 Bb4 4. Qc2 c5 5. e3 Nc6 6. Nf3 d5 7. dxc5 Ne4 8. Bd3 f5 9. a3 Bxc3+ 10. bxc3 Nxc5 11. Bb2 0-0 12. Rd1 e5 13. cxd5 Nxd3+ 14. Qxd3 e4 15. Qb5 exf3 16. dxc6 fxg2 17. Rg1 Qb6 18. Qxb6 axb6 19. Rxg2 bxc6 20. c4 g6 21. h4 Be6 22. h5 Bf7 23. Rd6 Rac8 24. Rd7 Rfd8 25. Ra7 Kf8 26. hxg6 Bxg6 27. Bf6 Re8 28. Bg7+ Kg8 29. Bh6 c5 30. Rb7 Rc6 31. Ra7 Rce6 32. Kd2 R8e7 33. Rxe7 Rxe7 34. Kc3 Ra7 35. Kb3 Kf7 36. Rg1 Ke6 37. Bf4 Ke7 38. Rd1 Rd7 39. Rxd7+ Kxd7 40. Kc3 Kc6 41. Kb3 Bh5 1/2-1/2

[Event "Madrid Chamartin op 4th"]
[Site "Madrid"]
[Date "2015.09.06"]
[Round "1"]
[White "Elissalt Cardenas, Hector"]
[Black "Barragan Panal, Juan Jose"]
[Result "1-0"]
[WhiteElo "2350"]
[BlackElo "1668"]
[PlyCount "85"]
[EventDate "2015.09.06"]
[EventType "swiss"]
[EventRounds "9"]
[EventCountry "ESP"]
[SourceTitle "EXT 2016"]
[Source "ChessBase"]
[SourceDate "2015.10.08"]
[SourceVersion "1"]
[SourceVersionDate "2015.10.08"]
[SourceQuality "1"]

1. Nf3 Nf6 2. c4 g6 3. Nc3 Bg7 4. g3 d6 5. Bg2 0-0 6. 0-0 e5 7. d3 Na6 8. Rb1 c6 9. b4 Bd7 10. Bd2 Re8 11. e4 Nc7 12. Qc1 Ne6 13. Bh6 Ng4 14. Bxg7 Kxg7 15. h3 Nh6 16. Qd2 f6 17. d4 Qc8 18. Kh2 Nf7 19. d5 Neg5 20. Nxg5 Nxg5 21. h4 Nf7 22. dxc6 bxc6 23. b5 Be6 24. Rfc1 Rb8 25. Bf1 Qd7 26. a4 Red8 27. a5 f5 28. b6 axb6 29. axb6 Qb7 30. Rb2 Ra8 31. Qe1 fxe4 32. Nxe4 Bf5 33. c5 d5 34. Nd6 Nxd6 35. Qxe5+ Kf7 36. cxd6 Re8 37. Qc3 Bd7 38. h5 Re6 39. Bh3 Rxd6 40. Qe5 Rf6 41. Bxd7 Qxd7 42. b7 Re8 43. b8Q 1-0

[Event "Madrid San Viator op 22nd"]
[Site "Madrid"]
[Date "2014.04.13"]
[Round "4"]
[White "Lopez Mijail, Nicolas"]
[Black "Barragan Panal, Juan Jose"]
[Result "1-0"]
[WhiteElo "1389"]
[BlackElo "1630"]
[PlyCount "89"]
[EventDate "2014.03.23"]
[EventType "swiss"]
[EventRounds "9"]
[EventCountry "ESP"]
[SourceTitle "EXT 2015"]
[Source "ChessBase"]
[SourceDate "2014.11.20"]
[SourceVersion "1"]
[SourceVersionDate "2014.11.20"]
[SourceQuality "1"]

1. e4 c6 2. d4 d5 3. e5 Bf5 4. Bd3 Bxd3 5. Qxd3 e6 6. Ne2 c5 7. c3 Qb6 8. Nd2 Nc6 9. 0-0 Nh6 10. f4 Rc8 11. a3 cxd4 12. cxd4 Nf5 13. Nf3 Na5 14. Bd2 Qb3 15. Bc3 Nc4 16. Nd2 Qb6 17. Nxc4 dxc4 18. Qd2 Qc6 19. Rf2 Be7 20. Raf1 Bh4 21. g3 Bd8 22. g4 Ne7 23. Ng3 f5 24. gxf5 exf5 25. d5 Qg6 26. Kh1 Bb6 27. Bd4 Bxd4 28. Qxd4 Qb6 29. Qd1 0-0 30. Qh5 Ng6 31. Nxf5 c3 32. bxc3 Rxc3 33. e6 Rc5 34. e7 Re8 35. Re2 Rxd5 36. Nh6+ gxh6 37. Qxd5+ Kg7 38. f5 Nxe7 39. Rxe7+ Rxe7 40. f6+ Kg6 41. Qf5+ Kf7 42. Qxh7+ Ke6 43. Qxe7+ Kd5 44. Rd1+ Kc4 45. Qb4+ 1-0

[Event "Villalba op 1st"]
[Site "Villalba"]
[Date "2013.08.04"]
[Round "9.29"]
[White "Montesinos Hernandez, Alejandro"]
[Black "Barragan Panal, Juan Jose"]
[Result "0-1"]
[WhiteElo "1501"]
[BlackElo "1637"]
[PlyCount "48"]
[EventDate "2013.07.27"]
[EventType "swiss"]
[EventRounds "9"]
[EventCountry "ESP"]
[SourceTitle "EXT 2024"]
[Source "ChessBase"]
[SourceDate "2023.10.10"]
[SourceVersion "1"]
[SourceVersionDate "2023.10.10"]
[SourceQuality "1"]

1. e4 c6 2. d4 d5 3. e5 Bf5 4. Nf3 e6 5. Be2 c5 6. dxc5 Bxc5 7. 0-0 Nc6 8. Nbd2 Nge7 9. Nb3 Bb6 10. c3 Bc7 11. Bd3 Bg4 12. Bf4 Nxe5 13. Bxe5 Bxe5 14. h3 Bxf3 15. Qxf3 g6 16. Rfe1 Bg7 17. Nd4 0-0 18. Nc2 Nc6 19. Qg3 Rc8 20. Rac1 Qc7 21. Qxc7 Rxc7 22. Bb5 Rfc8 23. Bxc6 Rxc6 24. Nd4 Bxd4 0-1

[Event "Villalba op 1st"]
[Site "Villalba"]
[Date "2013.08.02"]
[Round "7.32"]
[White "Martin Rodriguez, Jose Luis"]
[Black "Barragan Panal, Juan Jose"]
[Result "0-1"]
[WhiteElo "1430"]
[BlackElo "1637"]
[PlyCount "84"]
[EventDate "2013.07.27"]
[EventType "swiss"]
[EventRounds "9"]
[EventCountry "ESP"]
[SourceTitle "EXT 2024"]
[Source "ChessBase"]
[SourceDate "2023.10.10"]
[SourceVersion "1"]
[SourceVersionDate "2023.10.10"]
[SourceQuality "1"]

1. e4 c6 2. d4 d5 3. e5 Bf5 4. Nc3 Qb6 5. Nf3 e6 6. a3 Nd7 7. Bd3 Bxd3 8. Qxd3 c5 9. dxc5 Nxc5 10. Qb5+ Qxb5 11. Nxb5 Kd7 12. Nfd4 a6 13. Nc3 Kc7 14. Bf4 Ne7 15. 0-0 Nc6 16. Nxc6 bxc6 17. b4 Nd7 18. Rfe1 Be7 19. Ne2 Rhb8 20. Rac1 Nb6 21. c3 Nc4 22. Ra1 g5 23. Bg3 a5 24. f4 c5 25. fxg5 cxb4 26. cxb4 Bxg5 27. Bf4 Bxf4 28. Nxf4 axb4 29. axb4 Rxa1 30. Rxa1 Nxe5 31. Rb1 Rb5 32. Ne2 Nd3 33. Nd4 Rxb4 34. Rxb4 Nxb4 35. Kf2 Kd6 36. Ke3 Nc6 37. Nf3 f6 38. g4 Ne5 39. Kf4 Nxf3 40. Kxf3 Ke5 41. Ke3 d4+ 42. Kd3 Kf4 0-1

[Event "Villalba op 1st"]
[Site "Villalba"]
[Date "2013.07.29"]
[Round "3.22"]
[White "Serrano Garcia, Vicente"]
[Black "Barragan Panal, Juan Jose"]
[Result "1-0"]
[WhiteElo "1806"]
[BlackElo "1637"]
[PlyCount "71"]
[EventDate "2013.07.27"]
[EventType "swiss"]
[EventRounds "9"]
[EventCountry "ESP"]
[SourceTitle "EXT 2024"]
[Source "ChessBase"]
[SourceDate "2023.10.10"]
[SourceVersion "1"]
[SourceVersionDate "2023.10.10"]
[SourceQuality "1"]

1. d4 d5 2. c4 e6 3. Nc3 Nf6 4. Bg5 Be7 5. Nf3 Nbd7 6. e3 b6 7. cxd5 Nxd5 8. Nxd5 exd5 9. Bf4 Bb7 10. Bd3 Bb4+ 11. Nd2 Bxd2+ 12. Qxd2 Nf6 13. Rc1 c6 14. Qc2 0-0 15. Bg5 h6 16. Bh4 Re8 17. 0-0 g5 18. Bg3 Ne4 19. Be5 f6 20. Bg3 Qe7 21. Qe2 Qf7 22. f4 g4 23. Qxg4+ Qg7 24. Qxg7+ Kxg7 25. Bh4 f5 26. Rf3 Re6 27. a4 Rae8 28. b4 h5 29. b5 a5 30. Bxe4 fxe4 31. Rg3+ Kf7 32. f5 Rd6 33. f6 Rg8 34. Rf1 c5 35. Rxg8 Kxg8 36. f7+ 1-0